000 00331nam a22001457a 4500
008 210602b ||||| |||| 00| 0 eng d
020 _a9021905914
041 _aeng
080 _a617
082 _a617
100 _a6
101 _aANE
245 _aComplications of Anesthesia Operative risk
_cC. Conseiller
942 _2udc
_cBK
999 _c57905
_d57905